Central Library OPAC University of Rajshahi

Political obligation / (Record no. 36184)

MARC details
000 -LEADER
fixed length control field 00879nam a22003011 4500
001 - CONTROL NUMBER
control field 36184
003 - CONTROL NUMBER IDENTIFIER
rucl marc code BD-RjUL
005 - DATE AND TIME OF LATEST TRANSACTION
control field 20211209052440.0
008 - FIXED-LENGTH DATA ELEMENTS--GENERAL INFORMATION
fixed length control field 140617s1967 enk b 000 0 eng
020 ## - INTERNATIONAL STANDARD BOOK NUMBER
International Standard Book Number 0710051220
-- 0710051212 (pbk.)
035 ## - SYSTEM CONTROL NUMBER
System control number (BD-RjUL)36281
040 ## - CATALOGING SOURCE
Original cataloging agency DLC
Transcribing agency DLC
Modifying agency DLC
-- BD-RjUL
Language of cataloging eng
041 ## - LANGUAGE CODE
Language code of text/sound track or separate title eng
082 00 - DEWEY DECIMAL CLASSIFICATION NUMBER
Classification number 323
Author mark and year MCP 1967
100 1# - MAIN ENTRY--PERSONAL NAME
Personal name McPherson, Thomas.
9 (RLIN) 110118
245 10 - TITLE STATEMENT
Title Political obligation /
Statement of responsibility, etc. Thomas McPherson.
260 ## - PUBLICATION, DISTRIBUTION, ETC. (IMPRINT)
Place of publication, distribution, etc. London ;
Name of publisher, distributor, etc. Routledge & K. Paul;
Place of publication, distribution, etc. New York :
Name of publisher, distributor, etc. Humanities P.,
Date of publication, distribution, etc. 1967.
300 ## - PHYSICAL DESCRIPTION
Pagination ix, 86 p. ;
Size 19 cm.
490 0# - SERIES STATEMENT
Series statement Library of political studies
504 ## - BIBLIOGRAPHY, ETC. NOTE
Bibliography, etc Bibliography: p. 86.
650 #0 - SUBJECT ADDED ENTRY--TOPICAL TERM
Topical term or geographic name as entry element Political obligation.
9 (RLIN) 110119
Topical term or geographic name as entry element Natural law.
9 (RLIN) 4252
Topical term or geographic name as entry element Individualism.
9 (RLIN) 3921
Topical term or geographic name as entry element Authority.
9 (RLIN) 110120
942 ## - ADDED ENTRY ELEMENTS (KOHA)
Source of classification or shelving scheme Dewey Decimal Classification
Koha item type Books
Holdings
Lost status Source of classification or shelving scheme Damaged status Not for loan Collection code Permanent Location Current Location Shelving location Date acquired Source of acquisition Cost, normal purchase price Total Checkouts Full call number Date last seen Copy number Koha item type
  Dewey Decimal Classification   Not For Loan Non-fiction Central Library, University of Rajshahi Central Library, University of Rajshahi Reading Room 26/06/1973 Euro, B.D. News Agency 19.80   323 MCP 1967 17/06/2014 C-1 Books